Qualität und Qualitätsmanagement in der Versicherungswirtschaft.
Analýza heterogénnych poisťovníckych služieb z hľadiska ekonómie a kvality. Analýza poisťovacích výkonov ako špecifických trhových faktorov. Produkt ochrany poistení a s ním spojené výkony. Model poisťovníctva z hľadiska kvality a jeho komponenty (disponibilnosť, flexibilita, transparentnosť, náhrad...
Salvato in:
| Natura: | Capitolo di libro |
|---|---|
| Lingua: | tedesco |
| Soggetti: | |
| Tags: |
Nessun Tag, puoi essere il primo ad aggiungerne!!
|
MARC
| LEADER | 00000naa a2200000 4500 | ||
|---|---|---|---|
| 001 | r009197 | ||
| 005 | 20221130113409.9 | ||
| 041 | 0 | |a ger | |
| 044 | |a DE | ||
| 245 | 1 | 0 | |a Qualität und Qualitätsmanagement in der Versicherungswirtschaft. |
| 520 | |a Analýza heterogénnych poisťovníckych služieb z hľadiska ekonómie a kvality. Analýza poisťovacích výkonov ako špecifických trhových faktorov. Produkt ochrany poistení a s ním spojené výkony. Model poisťovníctva z hľadiska kvality a jeho komponenty (disponibilnosť, flexibilita, transparentnosť, náhrada škody...). Operatívna politika poisťovne zameraná na kvalitu pri plánovaní odvetví a strategická politika. | ||
| 610 | 2 | 0 | |a riadenie kvality |
| 610 | 2 | 0 | |a poisťovníctvo |
| 610 | 2 | 0 | |a kvalita práce |
| 610 | 2 | 0 | |a poisťovne |
| 610 | 2 | 0 | |a plánovanie odvetvové |
| 610 | 2 | 0 | |a modely ekonomické |
| 610 | 2 | 0 | |a výkony podnikové |
| 610 | 2 | 0 | |a manažment |